| 000 | 00759nam a2200241 4500 | ||
|---|---|---|---|
| 001 | 148871 | ||
| 003 | ES-MaACL | ||
| 005 | 20250828004908.0 | ||
| 007 | t| | ||
| 008 | 070214s1971 sp r ||||1| spa d | ||
| 080 | _a37.01 | ||
| 100 | 1 |
_aSuchodolski, Bogdan. _9108708 |
|
| 245 | 1 | 0 |
_aTratado de pedagogía / _cBogdan Suchodolski ; traducción de Melitón Bustamante Ortiz. |
| 250 | _a1ª. ed. | ||
| 260 |
_aBarcelona : _bPenínsula, _c1971. |
||
| 300 |
_a524 p. ; _c20 cm. |
||
| 490 | 1 |
_aHistoria, ciencia, sociedad ; _v81 |
|
| 650 | 0 | 7 |
_aPedagogía _2embne _915904 |
| 700 | 1 |
_aBustamante Ortiz, Melitón. _932877 |
|
| 830 | 0 | 0 |
_aHistoria, ciencia, sociedad (Península) _v81 _9177444 |
| 852 |
_aES-MaACL _jC-49478 _bR.79332 |
||
| 999 |
_c148871 _d148871 |
||